| 000 | 00727nam a22001817a 4500 | ||
|---|---|---|---|
| 003 | CEME | ||
| 005 | 20210628202228.0 | ||
| 008 | 210226b xxu||||| |||| 00| 0 eng d | ||
| 020 | _a81-7319-205-7 | ||
| 040 | _c. | ||
| 082 | _a621.042 REN | ||
| 100 |
_aKolar, A.K Haridasan, T.M Palaniappan, C _958877 |
||
| 245 | _aRenewable energy applications to industries, proceedings of the 2nd international wksp on renewable energy application | ||
| 260 |
_aNEW DELHI _bNAROSA _c1998 |
||
| 300 | _aXX,275P | ||
| 650 |
_aSOLAR ENERGY; BIOMASS GASIFICATION TECHNOLOGY; ENERGY MANAGEMENT PRACTICE; SOLAR THERMAL AND PV SYSTEMS; SOLAR PV CO-GENERATION; ENERGY CONSERVATION; ENERGY POLICY AND MANAGEMENT _958878 |
||
| 942 |
_cBK _2ddc |
||
| 999 |
_c568967 _d568967 |
||